000
00293nam a22001217a 4500
008
190205b xxu||||| |||| 00| 0 eng d
041
_a
eng
080
_a
610
100
_a
4
101
_a
SHM
245
_a
Health and Medical Care in the US: A Critical Analysis
_c
Navarro, V
942
_2
udc
_c
BK
999
_c
53971
_d
53971